000 00620nam a2200217Ia 4500
003 OSt
005 20220928144705.0
006 a|||||r|||| 00| 0
007 ta
008 220927b |||||||| |||| 00| 0 eng d
024 _a73128
037 _cTextual
040 _aSDCL
_cSDCL
_beng
041 _2eng
_aeng
082 _aY2178:(Z,95993).73'N7, L8
100 _aCassetty Judith
_9509166
245 0 _aChild support and public policy
_b Securing support from absent fathers.
260 _c1978
942 _hY2178:(Z,95993).73'N7, L8
_cTEXL
_2CC
999 _c829034
_d829034